000 00777nam a2200229 a 4500
005 20240918130634.0
008 991125m19911997ag 000 0 spa u
020 _a9501254119
035 _aUPN01000006652
049 _aCG
050 4 _aHC59.15
_bA5.28
100 1 _aAlbert, Michel,
_d1935-
_930356
245 1 0 _aCapitalismo contra capitalismo /
_cMichel Albert ; tr. de José Federico Delos.
260 _aBuenos Aires :
_bPaidós,
_c1991 (1997 impr.).
300 _a253 p. :
_bil.
440 0 _aPaidós estado y sociedad ;
_v11
650 4 _aCapitalismo
_96436
610 2 4 _aCOMUNIDAD ECONOMICA EUROPEA -
_xCONDICIONES ECONOMICAS
_911474
650 4 _aHISTORIA ECONOMICA -
_y1990-
_925016
651 4 _aEstados Unidos
_xCondiciones económicas
_y1981-
_923747
905 _aLibro
999 _c6652
_d6652